Catálogo
 En Linea

Targum de Qohelet : (Registro nro. 38710)

Detalles MARC
000 -CABECERA
campo de control de longitud fija 00689nam a2200181 a 4500
001 - NÚMERO DE CONTROL
campo de control 000039220
005 - FECHA Y HORA DE LA ÚLTIMA TRANSACCIÓN
campo de control 20201002031540.0
008 - DATOS DE LONGITUD FIJA--INFORMACIÓN GENERAL
campo de control de longitud fija 130611s1987 sp 000 0 spa d
020 ## - NÚMERO INTERNACIONAL ESTÁNDAR DEL LIBRO
Número Internacional Estándar del Libro 8400066618
040 ## - FUENTE DE LA CATALOGACIÓN
Centro catalogador/agencia de origen DO-SdBNP
Lengua de catalogación spa
Centro/agencia transcriptor BNPHU
100 1# - ENTRADA PRINCIPAL--NOMBRE DE PERSONA
Nombre de persona Díez Merino, Luis
9 (RLIN) 65421
245 10 - MENCIÓN DE TÍTULO
Título Targum de Qohelet :
Resto del título edición príncipe del Ms. Villa-Amil n. 5 de Alfonso de Zamora /
Mención de responsabilidad, etc. Luis Díez Merino.
260 ## - PUBLICACIÓN, DISTRIBUCIÓN, ETC.
Lugar de publicación, distribución, etc. Madrid :
Nombre del editor, distribuidor, etc. Consejo Superior de Investigaciones Científicas,
Fecha de publicación, distribución, etc. 1987.
300 ## - DESCRIPCIÓN FÍSICA
Extensión 405 p. ;
Dimensiones 26 cm.
490 1# - MENCIÓN DE SERIE
Mención de serie Biblioteca Hispana bíblica
Designación de volumen o secuencia 13
500 ## - NOTA GENERAL
Nota general Texto en arameo, con traducción latina y comentarios en español
830 #0 - PUNTO DE ACCESO ADICIONAL DE SERIE-TÍTULO UNIFORME
Título uniforme Biblioteca Hispana bíblica
Designación de volumen o secuencia 13
9 (RLIN) 65422
Existencias
Estado de retiro Estado de pérdida Restricciones de uso No para préstamo Código de colección Localización permanente Ubicación/localización actual Ubicación en estantería Fecha de adquisición Número de inventario Total de préstamos Signatura topográfica completa Código de barras Fecha visto por última vez Precio válido a partir de Tipo de ítem Koha
        Monografías: Libros y Folletos General General Orden iniciada 11.06.2013 LF1   39220-10 25.06.2020 25.06.2020 No se presta

Con tecnología Koha